000 01393nam a2200229Ii 4500
003 JO-AjNU
005 20240623115029.0
008 230605s9999||||xx |||||||||||||| ||und||
040 _aJO-AjNU
_bara
_erda
_cJO-AjNU
041 _aara
050 1 4 _aBP144 2015
100 3 _aاعداد الدهام، عيد نهار عيد؛ اشراف: مصطفى البغا,
_eauthor
_957817
245 0 0 _aالفتاوى الصغرى لحسام الدين عمر بن عبد العزيز بن مازه البخاري بترتيب يوسف بن احمد اب بكر الخوارزمي من كتاب الوكالة الى اول كتاب الجنايات دراسة وتحقيق=For Hussam Al-Dain Omar Bin Abd Alaziz Ibn Mazaha Al Bokhari Managed By : Yousef Bin Ahmed Abu Baker- Al Khwarzmi Yousef Bin Ahmed Abu Baker Al -Khwarzmi Form Al- Wakallha to the Section of Crime (astudy and investigation)
264 3 1 _a 2015
300 _a240 ورقة
336 _atext
_btxt
_2rdacontent
337 _aunmediated
_bn
_2rdamedia
338 _avolume
_bnc
_2rdacarrier
500 _aرسالة جامعية (دكتوراة في تخصص الفقه واصوله)--جامعة العلوم الاسلامية العالمية، كلية الدراسات العليا، عمان)، 2015، يشتمل على ببلوغرافيا
650 4 _aالفتاوى - الفقة الاسلامي
_957818
942 _2lcc
_cTHS
999 _c29499
_d29499